Diagnosis of our time: wartime essays of a sociologist (Record no. 372927)

000 -LEADER
fixed length control field 00392cam a22001457a 4500
008 - FIXED-LENGTH DATA ELEMENTS--GENERAL INFORMATION
fixed length control field 180718b1945 xxu||||| |||| 00| 0 eng d
082 ## - DEWEY DECIMAL CLASSIFICATION NUMBER
Classification number B1 M316d
100 ## - MAIN ENTRY--PERSONAL NAME
Personal name Manneheim, Karl
245 ## - TITLE STATEMENT
Title Diagnosis of our time: wartime essays of a sociologist
Statement of responsibility, etc. by Karl Mannheim
250 ## - EDITION STATEMENT
Edition statement 3rd ed.
260 ## - PUBLICATION, DISTRIBUTION, ETC.
Place of publication, distribution, etc. London
Name of publisher, distributor, etc. Kegan Paul
Date of publication, distribution, etc. 1945
300 ## - PHYSICAL DESCRIPTION
Extent 180p.
500 ## - GENERAL NOTE
General note Rs.8.00
650 ## - SUBJECT ADDED ENTRY--TOPICAL TERM
Topical term or geographic name entry element Sociology
Holdings
Withdrawn status Lost status Damaged status Not for loan Permanent Location Current Location Date acquired Full call number Barcode Date last seen Price effective from Koha item type
        Indian Institute of Public Administration Indian Institute of Public Administration 1994-06-17 B1 M316d 34736 2018-07-21 2018-07-21 Book

Powered by Koha